01281nas a2200193Ia 4500008004100000245005000041260000900091310001300100500001300113650001100126942001200137952019600149952019200345952015600537952012800693952012700821952012400948999001501072150201s2014 xx 000 0 und d aInternational Journal of -Head & Neck Surgery c2014 aQuaterly aNATIONAL aE.N.T. 2ddccLJ 00102ddc4070aFMbFMcREFd2011-06-11eINNOVATIVE SUB. SERVICEfRsg6000.00hVol. 5, Issue 1 (January, 2014)iSGTUl0pJM1609r2015-02-09 00:00:00w2014-01-23yLJj6000kISS/SGTMCHRI/14/01 00102ddc4070aFMbFMcREFd2011-06-11eINNOVATIVE SUB. SERVICEfRsg6000.00hVol. 5, Issue 2 (May, 2014)iSGTUl0pJM1809r2015-02-09 00:00:00w2014-01-23yLJj6000kISS/SGTMCHRI/14/01 00102ddc4070aFMbFMcREFd2015-07-02eINNOVATIVE SUB. SERVICEhVol. 6, Issue1 (JAN. 2015)iSGTUl0r2015-07-02 00:00:00w2015-03-19yLJkISS/SGT/15 00102ddc4070aFMbFMcREFd2015-12-12h Vol. 6, Issue-2 (APRIL-JUNE- 2015)iSGTUl0r2015-12-12 00:00:00w2015-12-12yLJ 00102ddc4070aFMbFMcREFd2016-06-01hVol. 6, Issue-3 (JULY- SEPT- 2015)iSGTUl0r2016-06-01 00:00:00w2016-06-01yLJ 00102ddc4070aFMbFMcREFd2016-09-23hVol. 6, Issue-4 (OCT-DEC- 2015)iSGTUl0r2016-09-23 00:00:00w2016-09-23yLJ c6237d6237